000 00883cam a22002653a 4500
001 11658
003 PGUSA
005 20140828083239.0
008 040301s2004||||xxu|||||s|||||000 | eng d
040 _aPGUSA
_beng
042 _adc
050 4 _aPN
245 1 2 _aA Williams Anthology :
_bA Collection of the Verse and Prose of Williams College, 1798-1910
_h[electronic resource]
260 _bProject Gutenberg,
_c2004
506 _aPublic domain in the USA.
516 _aElectronic text
653 _aWilliams College
653 _aCollege prose, American -- Massachusetts -- Williamstown
653 _aCollege verse, American -- Massachusetts -- Williamstown
700 1 _aLehman, Edwin P.
_q(Edwin Partridge),
_d1888-1954
700 1 _aPark, Julian,
_d1888-1965
830 0 _aProject Gutenberg
_v11658
856 4 0 _uhttp://www.gutenberg.org/ebooks/11658
942 _cEB
999 _c240913
_d240913